[Event "Agen 2017 - Open A"]
[Site "?"]
[Date "2017.08.26"]
[Round "8.3"]
[White "Emmenecker, Philippe"]
[Black "Bacrot, Alexandre"]
[Result "0-1"]
[LiveChessVersion "1.4.8"]
[BlackElo "2131"]
[WhiteElo "2065"]

1. e4 {[%clk 1:30:44]} e5 {[%clk 1:30:55]} 2. Nf3 {[%clk 1:31:06]} Nc6
{[%clk 1:31:23]} 3. Bc4 {[%clk 1:31:23]} Bc5 {[%clk 1:31:46]} 4. b4
{[%clk 1:31:13]} Bxb4 {[%clk 1:32:00]} 5. c3 {[%clk 1:31:35]} Ba5
{[%clk 1:32:29]} 6. d4 {[%clk 1:31:07]} exd4 {[%clk 1:26:46]} 7. O-O
{[%clk 1:29:56]} d3 {[%clk 1:04:13]} 8. Qb3 {[%clk 1:17:48]} Qf6 {[%clk 0:55:29]}
9. Bxd3 {[%clk 1:01:20]} Bb6 {[%clk 0:48:15]} 10. e5 {[%clk 0:54:45]} Qe6
{[%clk 0:45:54]} 11. Qc2 {[%clk 0:48:05]} Nxe5 {[%clk 0:38:13]} 12. Nxe5
{[%clk 0:47:47]} Qxe5 {[%clk 0:38:37]} 13. Bd2 {[%clk 0:45:03]} Ne7
{[%clk 0:36:02]} 14. Na3 {[%clk 0:42:21]} h6 {[%clk 0:25:03]} 15. Rae1
{[%clk 0:39:58]} Qf6 {[%clk 0:24:56]} 16. c4 {[%clk 0:35:15]} d6 {[%clk 0:17:49]}
17. c5 {[%clk 0:34:03]} Bxc5 {[%clk 0:13:50]} 18. Nb5 {[%clk 0:33:41]} O-O
{[%clk 0:14:15]} 19. Bc3 {[%clk 0:31:01]} Qg5 {[%clk 0:14:40]} 20. Bd2
{[%clk 0:29:44]} Qf6 {[%clk 0:15:04]} 21. Nxc7 {[%clk 0:28:36]} Rb8
{[%clk 0:15:13]} 22. Bc3 {[%clk 0:25:11]} Qg5 {[%clk 0:14:32]} 23. Kh1
{[%clk 0:20:41]} Bf5 {[%clk 0:09:32]} 24. f4 {[%clk 0:14:15]} Bxd3
{[%clk 0:05:22]} 25. Qxd3 {[%clk 0:14:38]} Qf5 {[%clk 0:05:49]} 26. Qf3
{[%clk 0:11:45]} Qd7 {[%clk 0:03:59]} 27. Rxe7 {[%clk 0:05:53]} Qxe7
{[%clk 0:04:23]} 28. Nd5 {[%clk 0:06:11]} Qh4 {[%clk 0:01:45]} 29. h3
{[%clk 0:06:28]} Rbe8 {[%clk 0:01:44]} 30. Kh2 {[%clk 0:06:22]} f5
{[%clk 0:01:29]} 31. g3 {[%clk 0:04:00]} Qd8 {[%clk 0:01:53]} 32. h4
{[%clk 0:03:09]} Re6 {[%clk 0:01:31]} 33. Kh3 {[%clk 0:01:38]} Kh7
{[%clk 0:01:21]} 34. g4 {[%clk 0:01:45]} Rfe8 {[%clk 0:00:57]} 35. Bd2
{[%clk 0:02:06]} Re2 {[%clk 0:01:03]} 36. Qd3 {[%clk 0:02:03]} Kh8
{[%clk 0:00:56]} 37. gxf5 {[%clk 0:01:52]} R2e4 {[%clk 0:00:54]} 38. f6
{[%clk 0:01:48]} gxf6 {[%clk 0:01:08]} 39. Rf3 {[%clk 0:02:01]} Qc8+
{[%clk 0:01:22]} 40. Kh2 {[%clk 0:30:49]} Qg4 {[%clk 0:31:11]} 41. a3 0-1

[Event "Agen 2017 - Open A"]
[Site "?"]
[Date "2017.08.26"]
[Round "8.4"]
[White "Degraeve, Remy"]
[Black "Vedovotto, Nicolas"]
[Result "1-0"]
[LiveChessVersion "1.4.8"]
[BlackElo "2120"]
[WhiteElo "2117"]

1. e4 {[%clk 1:29:59]} Nc6 {[%clk 1:30:45]} 2. Nf3 {[%clk 1:29:48]} d5
{[%clk 1:31:08]} 3. exd5 {[%clk 1:29:34]} Qxd5 {[%clk 1:31:34]} 4. Nc3
{[%clk 1:29:39]} Qa5 {[%clk 1:31:58]} 5. Bb5 {[%clk 1:29:32]} Bd7
{[%clk 1:32:20]} 6. d4 {[%clk 1:29:06]} e6 {[%clk 1:32:24]} 7. O-O
{[%clk 1:27:43]} O-O-O {[%clk 1:32:43]} 8. Be3 {[%clk 1:26:29]} a6
{[%clk 1:32:22]} 9. Bxc6 {[%clk 1:26:23]} Bxc6 {[%clk 1:32:49]} 10. Ne5
{[%clk 1:26:15]} Be8 {[%clk 1:33:12]} 11. Qf3 {[%clk 1:25:37]} Nf6
{[%clk 1:14:15]} 12. b4 {[%clk 1:25:37]} Qb6 {[%clk 1:04:48]} 13. Rab1
{[%clk 1:23:00]} Be7 {[%clk 0:42:44]} 14. b5 {[%clk 1:08:57]} Nd5
{[%clk 0:38:16]} 15. Nc4 {[%clk 0:57:19]} Qa7 {[%clk 0:38:16]} 16. b6
{[%clk 0:54:25]} Qb8 {[%clk 0:30:02]} 17. Nxd5 {[%clk 0:52:28]} exd5
{[%clk 0:29:39]} 18. Bf4 {[%clk 0:49:46]} Bd6 {[%clk 0:27:19]} 19. bxc7
{[%clk 0:49:50]} Qxc7 {[%clk 0:27:39]} 20. Nxd6+ {[%clk 0:50:16]} Rxd6
{[%clk 0:27:52]} 21. Qg3 {[%clk 0:50:38]} 1-0

[Event "Agen 2017 - Open B"]
[Site "?"]
[Date "2017.08.26"]
[Round "8.1"]
[White "Nguyen-Cadoret, Nathan"]
[Black "Buisson, Lionel"]
[Result "1/2-1/2"]
[LiveChessVersion "1.4.8"]
[BlackElo "1976"]
[WhiteElo "1873"]

1. d4 {[%clk 1:30:58]} d5 {[%clk 1:27:20]} 2. c4 {[%clk 1:31:23]} e6
{[%clk 1:27:37]} 3. Nf3 {[%clk 1:31:49]} Nf6 {[%clk 1:28:01]} 4. g3
{[%clk 1:32:16]} Be7 {[%clk 1:28:14]} 5. Bg2 {[%clk 1:32:41]} O-O
{[%clk 1:28:37]} 6. O-O {[%clk 1:33:08]} dxc4 {[%clk 1:28:18]} 7. Qc2
{[%clk 1:33:33]} a6 {[%clk 1:28:33]} 8. a4 {[%clk 1:34:00]} Bd7 {[%clk 1:28:17]}
9. Qxc4 {[%clk 1:34:23]} Bc6 {[%clk 1:27:51]} 10. Bg5 {[%clk 1:34:47]} Bd5
{[%clk 1:26:04]} 11. Qd3 {[%clk 1:35:13]} Be4 {[%clk 1:25:03]} 12. Qe3
{[%clk 1:35:38]} Nbd7 {[%clk 1:07:46]} 13. Nc3 {[%clk 1:36:01]} Bd5
{[%clk 1:05:32]} 14. Qd3 {[%clk 1:31:35]} c5 {[%clk 0:56:50]} 15. e4
{[%clk 1:17:26]} cxd4 {[%clk 0:39:30]} 16. Qxd4 {[%clk 0:47:01]} Bc6
{[%clk 0:31:19]} 17. b4 {[%clk 0:43:32]} e5 {[%clk 0:23:39]} 18. Nxe5
{[%clk 0:34:42]} Nxe5 {[%clk 0:19:07]} 19. Qxe5 {[%clk 0:35:08]} Bxb4
{[%clk 0:19:17]} 20. Nd5 {[%clk 0:32:52]} Bxd5 {[%clk 0:18:32]} 21. Bxf6
{[%clk 0:30:08]} gxf6 {[%clk 0:18:08]} 22. Qxd5 {[%clk 0:29:56]} Qxd5
{[%clk 0:18:03]} 23. exd5 {[%clk 0:30:22]} a5 {[%clk 0:15:25]} 24. Rac1
{[%clk 0:29:43]} Rac8 {[%clk 0:14:39]} 25. Bh3 {[%clk 0:29:15]} Rc5
{[%clk 0:13:51]} 26. Rxc5 {[%clk 0:29:23]} Bxc5 {[%clk 0:14:20]} 27. Rc1
{[%clk 0:29:23]} b6 {[%clk 0:14:09]} 28. Bd7 {[%clk 0:28:34]} Rd8
{[%clk 0:13:40]} 29. Bc6 {[%clk 0:28:59]} 1/2-1/2

[Event "Agen 2017 - Open B"]
[Site "?"]
[Date "2017.08.26"]
[Round "8.2"]
[White "Galvan, Anthony"]
[Black "Kozlowski, Thierry"]
[Result "0-1"]
[LiveChessVersion "1.4.8"]
[BlackElo "1976"]
[WhiteElo "1901"]

1. d4 {[%clk 1:30:57]} Nf6 {[%clk 1:11:55]} 2. c4 {[%clk 1:31:12]} e6
{[%clk 1:12:10]} 3. Nc3 {[%clk 1:31:09]} Bb4 {[%clk 1:09:53]} 4. Qc2
{[%clk 1:31:13]} Nc6 {[%clk 1:10:20]} 5. Nf3 {[%clk 1:29:20]} d6 {[%clk 1:10:45]}
6. a3 {[%clk 1:27:39]} Bxc3+ {[%clk 1:10:59]} 7. Qxc3 {[%clk 1:23:56]} a5
{[%clk 1:04:41]} 8. e3 {[%clk 1:12:53]} O-O {[%clk 1:00:05]} 9. b3
{[%clk 0:58:43]} Qe8 {[%clk 0:49:27]} 10. Bb2 {[%clk 0:45:43]} Ne4
{[%clk 0:49:33]} 11. Qc2 {[%clk 0:45:10]} f5 {[%clk 0:49:59]} 12. Be2
{[%clk 0:32:22]} Qg6 {[%clk 0:39:36]} 13. O-O {[%clk 0:28:59]} b6
{[%clk 0:35:03]} 14. d5 {[%clk 0:20:52]} Nd8 {[%clk 0:31:45]} 15. dxe6
{[%clk 0:19:41]} Nxe6 {[%clk 0:27:25]} 16. Nd2 {[%clk 0:14:28]} Bb7
{[%clk 0:17:02]} 17. f3 {[%clk 0:12:33]} N4g5 {[%clk 0:14:12]} 18. Bd3
{[%clk 0:09:13]} Nc5 {[%clk 0:12:52]} 19. Rae1 {[%clk 0:09:08]} Rae8
{[%clk 0:12:55]} 20. b4 {[%clk 0:08:56]} axb4 {[%clk 0:13:16]} 21. axb4
{[%clk 0:09:19]} Nxd3 {[%clk 0:12:15]} 22. Qxd3 {[%clk 0:09:39]} Re7
{[%clk 0:11:33]} 23. c5 {[%clk 0:06:16]} bxc5 {[%clk 0:11:28]} 24. bxc5
{[%clk 0:06:39]} Kh8 {[%clk 0:08:34]} 25. cxd6 {[%clk 0:06:21]} cxd6
{[%clk 0:08:21]} 26. Ba3 {[%clk 0:03:57]} Rfe8 {[%clk 0:07:58]} 27. Qxd6
{[%clk 0:02:46]} Re6 {[%clk 0:02:54]} 28. Qd4 {[%clk 0:02:47]} Ba6
{[%clk 0:02:47]} 29. Nc4 {[%clk 0:01:50]} f4 {[%clk 0:02:54]} 30. e4
{[%clk 0:01:39]} Rc8 {[%clk 0:02:33]} 31. Rc1 {[%clk 0:00:56]} Qe8
{[%clk 0:01:14]} 32. Nd6 {[%clk 0:00:42]} Rxc1 {[%clk 0:00:47]} 33. Rxc1
{[%clk 0:00:52]} Qd7 {[%clk 0:00:37]} 34. Rd1 {[%clk 0:00:49]} Rg6
{[%clk 0:00:42]} 35. Nf5 {[%clk 0:00:31]} Nxf3+ {[%clk 0:00:55]} 36. Kf2
{[%clk 0:00:39]} Nxd4 {[%clk 0:00:49]} 37. Rxd4 {[%clk 0:01:00]} Qa7
{[%clk 0:00:50]} 38. Kf3 {[%clk 0:00:35]} h5 {[%clk 0:00:39]} 39. Rd8+
{[%clk 0:00:33]} Kh7 {[%clk 0:00:56]} 40. Bc1 {[%clk 0:30:32]} Be2+ 0-1

[Event "Agen 2017 - Open B"]
[Site "?"]
[Date "2017.08.26"]
[Round "8.3"]
[White "Niepceron, Aurelien"]
[Black "Ballan, Guillaume"]
[Result "1-0"]
[LiveChessVersion "1.4.8"]
[BlackElo "1927"]
[WhiteElo "1764"]

1. e4 {[%clk 1:30:52]} e6 {[%clk 1:30:37]} 2. d4 {[%clk 1:30:52]} d5
{[%clk 1:31:00]} 3. Nd2 {[%clk 1:31:10]} dxe4 {[%clk 1:30:36]} 4. Nxe4
{[%clk 1:31:31]} Be7 {[%clk 1:30:56]} 5. Nf3 {[%clk 1:29:12]} Nf6
{[%clk 1:30:42]} 6. Bd3 {[%clk 1:26:07]} Nbd7 {[%clk 1:25:18]} 7. O-O
{[%clk 1:25:29]} Nxe4 {[%clk 1:25:24]} 8. Bxe4 {[%clk 1:25:46]} Nf6
{[%clk 1:25:45]} 9. Bd3 {[%clk 1:25:47]} O-O {[%clk 1:25:26]} 10. c4
{[%clk 1:20:17]} b6 {[%clk 1:23:42]} 11. Ne5 {[%clk 1:15:17]} Bb7
{[%clk 1:18:18]} 12. Be3 {[%clk 1:14:37]} Rc8 {[%clk 1:13:38]} 13. Qa4
{[%clk 1:10:36]} a5 {[%clk 1:02:51]} 14. Nc6 {[%clk 1:08:46]} Qd7
{[%clk 0:58:38]} 15. Nxe7+ {[%clk 1:08:15]} Qxe7 {[%clk 0:59:00]} 16. Bg5
{[%clk 0:59:09]} h6 {[%clk 0:54:10]} 17. Bh4 {[%clk 0:56:30]} g5 {[%clk 0:45:02]}
18. Bg3 {[%clk 0:55:17]} Nh5 {[%clk 0:42:20]} 19. Qd1 {[%clk 0:51:36]} Nxg3
{[%clk 0:41:45]} 20. fxg3 {[%clk 0:50:39]} f5 {[%clk 0:40:13]} 21. Qh5 Qf6
{[%clk 0:39:47]} 22. Kh1 {[%clk 0:25:49]} Kg7 23. d5 {[%clk 0:21:44]} exd5
{[%clk 0:27:42]} 24. Rxf5 {[%clk 0:20:04]} Qe6 {[%clk 0:24:13]} 25. Rxg5+
{[%clk 0:17:00]} hxg5 {[%clk 0:20:24]} 26. Qh7+ {[%clk 0:17:21]} Kf6 27. Rf1+
{[%clk 0:17:22]} Ke5 {[%clk 0:21:10]} 28. Re1+ {[%clk 0:17:36]} Kd6 29. Rxe6+
{[%clk 0:16:16]} Kxe6 {[%clk 0:21:11]} 30. g4 {[%clk 0:13:40]} dxc4
{[%clk 0:18:18]} 31. Bf5+ {[%clk 0:10:52]} Kd6 32. Qd7+ Kc5 {[%clk 0:16:34]} 33.
h3 {[%clk 0:09:43]} Rb8 {[%clk 0:11:18]} 34. Qxc7+ {[%clk 0:09:13]} Kb5 35. b3
{[%clk 0:07:59]} Ka6 {[%clk 0:11:41]} 36. bxc4 {[%clk 0:07:49]} 1-0

[Event "Agen 2017 - Open B"]
[Site "?"]
[Date "2017.08.26"]
[Round "8.4"]
[White "Emmenecker, Pierre-Antoine"]
[Black "Le Brech, Cyril"]
[Result "1/2-1/2"]
[LiveChessVersion "1.4.8"]
[BlackElo "1943"]
[WhiteElo "1761"]

1. e4 {[%clk 1:30:58]} e5 {[%clk 1:30:54]} 2. Nf3 {[%clk 1:31:23]} Nf6
{[%clk 1:31:18]} 3. d4 {[%clk 1:31:29]} Nxe4 {[%clk 1:30:38]} 4. Bd3
{[%clk 1:30:08]} d5 {[%clk 1:26:58]} 5. Nxe5 {[%clk 1:29:48]} Nf6
{[%clk 1:17:58]} 6. O-O {[%clk 1:29:28]} Be7 {[%clk 1:18:12]} 7. Bf4
{[%clk 1:29:00]} O-O {[%clk 1:17:31]} 8. Re1 {[%clk 1:28:28]} c5 {[%clk 1:12:46]}
9. dxc5 {[%clk 1:25:20]} Bxc5 {[%clk 1:12:20]} 10. Bg3 {[%clk 1:23:38]} Nc6
{[%clk 1:10:11]} 11. Nxc6 {[%clk 1:16:02]} bxc6 {[%clk 1:10:05]} 12. Nc3
{[%clk 1:15:09]} Ng4 {[%clk 0:51:19]} 13. Qf3 {[%clk 1:12:54]} f5
{[%clk 0:49:17]} 14. Na4 {[%clk 1:05:46]} f4 {[%clk 0:34:37]} 15. Nxc5
{[%clk 1:06:04]} fxg3 {[%clk 0:32:54]} 16. Qxg3 {[%clk 1:06:24]} Nxf2
{[%clk 0:30:17]} 17. Rf1 {[%clk 0:42:52]} Nxd3 {[%clk 0:26:59]} 18. Rxf8+
{[%clk 0:42:45]} Qxf8 {[%clk 0:26:50]} 19. Nxd3 {[%clk 0:43:05]} Ba6
{[%clk 0:25:18]} 20. c3 {[%clk 0:34:08]} Bxd3 {[%clk 0:06:39]} 21. Qxd3
{[%clk 0:34:28]} Qc5+ {[%clk 0:07:00]} 22. Qd4 {[%clk 0:32:34]} Qxd4+
{[%clk 0:06:57]} 23. cxd4 {[%clk 0:32:56]} Rb8 {[%clk 0:04:26]} 24. b3
{[%clk 0:33:08]} Rb4 {[%clk 0:04:37]} 25. Rd1 {[%clk 0:33:23]} a5
{[%clk 0:04:19]} 26. Rd3 {[%clk 0:33:12]} a4 {[%clk 0:04:11]} 27. Kf2
{[%clk 0:33:32]} axb3 {[%clk 0:04:26]} 28. axb3 {[%clk 0:33:48]} Kf7
{[%clk 0:04:29]} 29. Ke2 {[%clk 0:33:26]} Ke6 {[%clk 0:03:39]} 30. Kd2
{[%clk 0:33:33]} Rb7 {[%clk 0:03:28]} 31. Kc3 {[%clk 0:33:31]} Kd6
{[%clk 0:03:19]} 32. Rf3 {[%clk 0:33:15]} Re7 {[%clk 0:02:34]} 33. Kd3
{[%clk 0:32:17]} Rb7 {[%clk 0:02:49]} 34. Kc3 {[%clk 0:32:14]} Re7
{[%clk 0:02:43]} 35. Kd3 {[%clk 0:32:08]} Rb7 {[%clk 0:02:15]} 36. Ke4 Ke5+
1/2-1/2

[Event "Agen 2017 - Open C"]
[Site "?"]
[Date "2017.08.26"]
[Round "8.1"]
[White "Rihouey, Franck"]
[Black "Jackson, Daniel"]
[Result "1/2-1/2"]
[LiveChessVersion "1.4.8"]
[BlackElo "1754"]
[WhiteElo "1781"]

1. d4 {[%clk 1:30:02]} Nf6 {[%clk 1:30:56]} 2. Bg5 {[%clk 1:30:25]} Ne4
{[%clk 1:30:35]} 3. h4 {[%clk 1:30:47]} d5 {[%clk 1:27:00]} 4. Nd2
{[%clk 1:27:54]} Nxd2 {[%clk 1:20:14]} 5. Qxd2 {[%clk 1:27:28]} Bf5
{[%clk 1:19:00]} 6. e3 {[%clk 1:24:51]} h6 {[%clk 1:17:27]} 7. Bf4
{[%clk 1:24:58]} e6 {[%clk 1:17:38]} 8. Be2 {[%clk 1:18:46]} Be7 {[%clk 1:15:16]}
9. Nf3 {[%clk 1:13:11]} c5 {[%clk 1:10:24]} 10. Bxb8 {[%clk 0:57:27]} Rxb8
{[%clk 1:10:52]} 11. Bb5+ {[%clk 0:57:46]} Kf8 {[%clk 1:11:13]} 12. Ne5
{[%clk 0:54:27]} a6 {[%clk 1:10:39]} 13. Bd3 {[%clk 0:49:20]} Bxd3
{[%clk 1:10:42]} 14. Qxd3 {[%clk 0:48:16]} c4 {[%clk 1:09:58]} 15. Qe2
{[%clk 0:48:00]} Bxh4 {[%clk 1:09:56]} 16. Rxh4 {[%clk 0:43:58]} Qxh4
{[%clk 1:10:18]} 17. Qf3 {[%clk 0:44:20]} Kg8 {[%clk 1:07:32]} 18. Qxf7+
{[%clk 0:44:12]} Kh7 {[%clk 1:07:59]} 19. Qg6+ {[%clk 0:41:03]} Kg8
{[%clk 1:08:21]} 20. Qxe6+ {[%clk 0:40:18]} Kh7 {[%clk 1:08:44]} 21. Qf5+
{[%clk 0:37:59]} Kg8 {[%clk 1:08:38]} 22. Ng6 {[%clk 0:32:26]} Qd8
{[%clk 1:07:35]} 23. Nxh8 {[%clk 0:26:20]} Kxh8 {[%clk 1:08:03]} 24. O-O-O
{[%clk 0:24:01]} Qa5 {[%clk 1:06:13]} 25. g4 {[%clk 0:18:37]} c3 {[%clk 0:54:27]}
26. bxc3 {[%clk 0:18:19]} Qxc3 {[%clk 0:54:56]} 27. Qd3 {[%clk 0:15:11]} Qa1+
{[%clk 0:54:48]} 28. Kd2 {[%clk 0:15:35]} Qxa2 {[%clk 0:55:07]} 29. g5
{[%clk 0:15:37]} Qa5+ {[%clk 0:54:10]} 30. Ke2 {[%clk 0:13:11]} Qb6
{[%clk 0:54:25]} 31. Rh1 {[%clk 0:12:37]} Rf8 {[%clk 0:53:49]} 32. gxh6
{[%clk 0:12:29]} gxh6 {[%clk 0:54:17]} 33. Rg1 {[%clk 0:08:55]} Qf6
{[%clk 0:54:13]} 34. f4 {[%clk 0:07:51]} Rg8 {[%clk 0:50:25]} 35. Rxg8+
{[%clk 0:08:19]} Kxg8 {[%clk 0:50:54]} 36. Qb3 {[%clk 0:08:37]} Qf7
{[%clk 0:48:24]} 37. Qb6 {[%clk 0:08:13]} Kh7 {[%clk 0:48:13]} 38. Qd6
{[%clk 0:07:46]} h5 {[%clk 0:46:03]} 39. Qe5 {[%clk 0:07:33]} a5 {[%clk 0:44:20]}
40. e4 {[%clk 0:33:55]} dxe4 {[%clk 1:14:12]} 41. Qxe4+ {[%clk 0:34:13]} Kh6
{[%clk 1:14:07]} 42. d5 {[%clk 0:33:37]} h4 {[%clk 1:12:47]} 43. Qe5
{[%clk 0:26:04]} h3 {[%clk 1:10:18]} 44. d6 {[%clk 0:19:15]} h2 {[%clk 1:07:25]}
45. Qg5+ {[%clk 0:18:09]} Kh7 {[%clk 1:07:23]} 46. Qh4+ {[%clk 0:17:39]} Kg7
{[%clk 1:05:50]} 47. Qxh2 {[%clk 0:15:12]} 1/2-1/2

[Event "Agen 2017 - Open C"]
[Site "?"]
[Date "2017.08.26"]
[Round "8.2"]
[White "Severine, Kevin"]
[Black "Lebreton, Tristan"]
[Result "0-1"]
[LiveChessVersion "1.4.8"]
[BlackElo "1759"]
[WhiteElo "1666"]

1. c4 {[%clk 1:30:13]} e5 {[%clk 1:30:44]} 2. g3 {[%clk 1:30:39]} Nf6
{[%clk 1:31:08]} 3. Bg2 {[%clk 1:31:03]} d5 {[%clk 1:25:18]} 4. cxd5
{[%clk 1:30:31]} Nxd5 {[%clk 1:23:25]} 5. Nc3 {[%clk 1:28:46]} Nb6
{[%clk 1:22:13]} 6. Nf3 {[%clk 1:26:39]} Nc6 {[%clk 1:22:36]} 7. O-O
{[%clk 1:26:22]} Be7 {[%clk 1:23:01]} 8. d3 {[%clk 1:23:23]} Be6 {[%clk 1:23:01]}
9. a3 {[%clk 1:13:36]} O-O {[%clk 1:14:05]} 10. b4 {[%clk 1:11:56]} f6
{[%clk 1:14:31]} 11. Bb2 {[%clk 0:58:36]} a5 {[%clk 1:05:39]} 12. b5
{[%clk 0:56:40]} Nd4 {[%clk 1:06:04]} 13. Nxd4 {[%clk 0:55:03]} exd4
{[%clk 1:04:36]} 14. Na4 {[%clk 0:42:07]} Bd5 {[%clk 1:01:20]} 15. Nxb6
{[%clk 0:41:32]} cxb6 {[%clk 0:58:22]} 16. Bh3 {[%clk 0:30:25]} Bc5
{[%clk 0:53:03]} 17. Qa4 {[%clk 0:27:37]} Qe8 {[%clk 0:40:23]} 18. Rfe1
{[%clk 0:24:17]} Qf7 {[%clk 0:38:28]} 19. Qd1 {[%clk 0:19:45]} f5
{[%clk 0:36:39]} 20. e4 {[%clk 0:11:23]} dxe3 {[%clk 0:21:42]} 21. fxe3
{[%clk 0:10:52]} f4 {[%clk 0:21:24]} 22. Qg4 {[%clk 0:06:41]} Bxe3+
{[%clk 0:12:46]} 23. Rxe3 {[%clk 0:06:43]} fxe3 {[%clk 0:12:55]} 24. Rf1
{[%clk 0:07:09]} Qe7 {[%clk 0:12:16]} 25. Re1 {[%clk 0:06:28]} Qf7
{[%clk 0:07:44]} 26. Rf1 {[%clk 0:06:20]} Qe7 {[%clk 0:07:42]} 27. Re1
{[%clk 0:06:47]} Rad8 {[%clk 0:07:34]} 28. Qd4 {[%clk 0:04:41]} Bb3
{[%clk 0:03:59]} 29. Rxe3 Qf7 {[%clk 0:04:19]} 30. Qg4 {[%clk 0:00:31]} Qf2+
{[%clk 0:03:54]} 31. Kh1 {[%clk 0:01:00]} Bd5+ {[%clk 0:03:59]} 32. Re4
{[%clk 0:01:18]} Qe1+ {[%clk 0:03:38]} 0-1

[Event "Agen 2017 - Open C"]
[Site "?"]
[Date "2017.08.26"]
[Round "8.3"]
[White "Jourdain, Antoine"]
[Black "Jackson, Edgar"]
[Result "1-0"]
[LiveChessVersion "1.4.8"]
[BlackElo "1641"]
[WhiteElo "1742"]

1. c4 {[%clk 1:30:57]} Nf6 {[%clk 1:30:55]} 2. g3 {[%clk 1:31:21]} e6
{[%clk 1:27:57]} 3. Bg2 {[%clk 1:31:44]} d5 {[%clk 1:25:21]} 4. Nf3
{[%clk 1:31:10]} Be7 {[%clk 1:20:01]} 5. O-O {[%clk 1:30:01]} O-O
{[%clk 1:20:00]} 6. b3 {[%clk 1:28:56]} c5 {[%clk 1:17:29]} 7. Bb2
{[%clk 1:26:40]} d4 {[%clk 1:14:59]} 8. d3 {[%clk 1:23:22]} Nc6 {[%clk 1:12:08]}
9. Nbd2 {[%clk 1:18:04]} Ne8 {[%clk 1:01:48]} 10. a3 {[%clk 1:09:03]} e5
{[%clk 1:00:16]} 11. Qc2 {[%clk 1:06:56]} Bg4 {[%clk 0:58:23]} 12. h3
{[%clk 1:05:52]} Be6 {[%clk 0:56:38]} 13. Rae1 {[%clk 1:04:06]} Qd7
{[%clk 0:56:46]} 14. Kh2 {[%clk 1:04:25]} f5 {[%clk 0:55:39]} 15. e3
{[%clk 1:04:30]} h6 {[%clk 0:44:54]} 16. exd4 {[%clk 1:04:04]} exd4
{[%clk 0:45:13]} 17. Ne5 {[%clk 1:01:34]} Nxe5 {[%clk 0:45:24]} 18. Rxe5
{[%clk 1:01:49]} Bd6 {[%clk 0:45:32]} 19. Rxe6 {[%clk 1:01:59]} Qxe6
{[%clk 0:45:16]} 20. Bd5 {[%clk 1:02:19]} Qxd5 {[%clk 0:45:42]} 21. cxd5
{[%clk 1:02:39]} b6 {[%clk 0:41:06]} 22. Nc4 {[%clk 1:00:08]} Bc7
{[%clk 0:41:18]} 23. Qe2 {[%clk 1:00:12]} Rd8 {[%clk 0:37:31]} 24. f4
{[%clk 0:54:59]} Kh8 {[%clk 0:37:33]} 25. Ne5 {[%clk 0:52:22]} Bxe5
{[%clk 0:37:09]} 26. fxe5 {[%clk 0:50:39]} Rxd5 {[%clk 0:32:47]} 27. g4
{[%clk 0:50:26]} f4 {[%clk 0:31:49]} 28. Qe4 {[%clk 0:50:25]} Rd7
{[%clk 0:26:18]} 29. Rxf4 {[%clk 0:50:10]} Rdf7 {[%clk 0:22:54]} 30. Rxf7
{[%clk 0:48:08]} Rxf7 {[%clk 0:23:20]} 31. Kg2 {[%clk 0:47:53]} Kg8
{[%clk 0:22:39]} 32. b4 {[%clk 0:47:30]} Rc7 {[%clk 0:19:46]} 33. bxc5
{[%clk 0:43:36]} bxc5 {[%clk 0:19:41]} 34. a4 {[%clk 0:39:48]} Rc8
{[%clk 0:15:04]} 35. Ba3 {[%clk 0:38:00]} g5 {[%clk 0:13:38]} 36. Qd5+
{[%clk 0:35:37]} 1-0

[Event "Agen 2017 - Open C"]
[Site "?"]
[Date "2017.08.26"]
[Round "8.4"]
[White "Pobedonostzeff, Franck"]
[Black "Van Den Brande, Norman"]
[Result "1-0"]
[LiveChessVersion "1.4.8"]
[BlackElo "1503"]
[WhiteElo "1743"]

1. f4 {[%clk 1:25:15]} d5 {[%clk 1:30:40]} 2. Nf3 {[%clk 1:25:39]} Bg4
{[%clk 1:30:23]} 3. e3 {[%clk 1:23:34]} Nf6 {[%clk 1:29:29]} 4. d4
{[%clk 1:23:52]} e6 {[%clk 1:29:24]} 5. Bd3 {[%clk 1:24:14]} c5 {[%clk 1:29:17]}
6. c3 {[%clk 1:24:39]} Nc6 {[%clk 1:29:20]} 7. O-O {[%clk 1:25:01]} Bxf3
{[%clk 1:27:59]} 8. Qxf3 {[%clk 1:24:56]} Qc7 {[%clk 1:27:43]} 9. Nd2
{[%clk 1:21:33]} O-O-O {[%clk 1:26:52]} 10. Qe2 {[%clk 1:20:52]} Nd7
{[%clk 1:22:24]} 11. Nf3 {[%clk 1:19:47]} f6 {[%clk 1:22:20]} 12. e4
{[%clk 1:15:26]} Re8 {[%clk 1:21:30]} 13. e5 {[%clk 1:15:17]} Nb6
{[%clk 1:19:22]} 14. a4 {[%clk 1:12:30]} a6 {[%clk 1:18:42]} 15. Kh1
{[%clk 1:04:08]} f5 {[%clk 1:17:22]} 16. dxc5 {[%clk 0:55:44]} Bxc5
{[%clk 1:16:53]} 17. b4 {[%clk 0:56:03]} Be7 {[%clk 1:16:57]} 18. b5
{[%clk 0:52:07]} axb5 {[%clk 1:16:17]} 19. axb5 {[%clk 0:52:23]} Nd8
{[%clk 1:16:13]} 20. Be3 {[%clk 0:48:44]} Bc5 {[%clk 1:13:11]} 21. Bd4
{[%clk 0:45:05]} Nf7 {[%clk 1:12:47]} 22. Qf2 {[%clk 0:42:42]} Bxd4
{[%clk 1:11:55]} 23. cxd4 {[%clk 0:42:49]} Kd7 {[%clk 1:11:44]} 24. Rfc1
{[%clk 0:42:28]} Qb8 {[%clk 1:11:09]} 25. Nd2 {[%clk 0:38:34]} Rc8
{[%clk 1:09:10]} 26. Nb3 {[%clk 0:38:35]} Rxc1+ {[%clk 1:08:51]} 27. Rxc1
{[%clk 0:39:04]} Rc8 {[%clk 1:08:27]} 28. Nc5+ {[%clk 0:39:21]} Ke7
{[%clk 1:08:48]} 29. Qh4+ {[%clk 0:39:31]} Ke8 {[%clk 1:07:18]} 30. Qxh7
{[%clk 0:39:34]} Nd7 {[%clk 1:06:32]} 31. Qxg7 {[%clk 0:38:04]} b6
{[%clk 1:06:01]} 32. Bxf5 {[%clk 0:33:02]} Nxc5 {[%clk 1:03:28]} 33. dxc5
{[%clk 0:32:40]} exf5 {[%clk 1:03:08]} 34. e6 {[%clk 0:32:58]} Qc7
{[%clk 1:00:48]} 35. exf7+ {[%clk 0:33:06]} Qxf7 {[%clk 1:01:10]} 36. Re1+
{[%clk 0:33:24]} 1-0

[Event "Agen 2017 - Open D"]
[Site "?"]
[Date "2017.08.26"]
[Round "8.1"]
[White "Jarrier, Francis"]
[Black "Andre, Victoria"]
[Result "1/2-1/2"]
[LiveChessVersion "1.4.8"]
[BlackElo "1452"]
[WhiteElo "1494"]

1. d4 {[%clk 1:30:55]} Nf6 {[%clk 1:30:56]} 2. Nf3 {[%clk 1:31:13]} c5
{[%clk 1:31:21]} 3. e3 {[%clk 1:31:07]} cxd4 {[%clk 1:31:17]} 4. exd4
{[%clk 1:30:21]} d5 {[%clk 1:31:34]} 5. Bd3 {[%clk 1:29:28]} g6 {[%clk 1:30:13]}
6. O-O {[%clk 1:29:39]} Bg7 {[%clk 1:30:24]} 7. Nc3 {[%clk 1:27:39]} O-O
{[%clk 1:30:10]} 8. h3 {[%clk 1:27:05]} Nc6 {[%clk 1:27:48]} 9. a3
{[%clk 1:26:29]} a6 {[%clk 1:25:33]} 10. Rb1 {[%clk 1:23:43]} Qc7
{[%clk 1:22:38]} 11. Ne2 {[%clk 1:19:03]} e5 {[%clk 1:10:03]} 12. dxe5
{[%clk 1:18:34]} Nxe5 {[%clk 1:10:19]} 13. Nxe5 {[%clk 1:18:22]} Qxe5
{[%clk 1:10:41]} 14. Bf4 {[%clk 1:16:09]} Qe7 {[%clk 1:10:20]} 15. Re1
{[%clk 1:15:44]} b5 {[%clk 1:07:05]} 16. Qd2 {[%clk 1:13:01]} Bb7
{[%clk 1:01:29]} 17. Ng3 {[%clk 1:11:27]} Qd7 {[%clk 0:58:00]} 18. Bh6
{[%clk 1:08:05]} Rfe8 {[%clk 0:55:33]} 19. Bxg7 {[%clk 1:08:15]} Kxg7 20. Qg5
{[%clk 1:07:01]} Qc6 {[%clk 0:36:29]} 21. Nf5+ {[%clk 1:03:38]} Kh8
{[%clk 0:36:48]} 22. Nh6 {[%clk 0:52:53]} Rxe1+ {[%clk 0:31:13]} 23. Rxe1
{[%clk 0:53:21]} Rf8 {[%clk 0:31:24]} 24. Re7 {[%clk 0:52:03]} Kg7
{[%clk 0:26:00]} 25. Nf5+ {[%clk 0:51:10]} Kg8 {[%clk 0:22:37]} 26. Nh6+
{[%clk 0:49:36]} Kg7 {[%clk 0:22:58]} 27. Nf5+ {[%clk 0:49:30]} Kg8
{[%clk 0:23:20]} 28. Nh6+ {[%clk 0:49:51]} Kg7 {[%clk 0:23:42]} 29. Nf5+
{[%clk 0:49:55]} Kg8 30. Nh6+ Kg7 31. Nf5+ Kg8 32. Nh6+ 1/2-1/2